|
|
|
|
| LEADER |
00000nas a2200000 a 4500 |
| 001 |
ssj0000395023 |
| 003 |
WaSeSS |
| 005 |
20200512172242.0 |
| 006 |
m d |
| 007 |
cr n |
| 008 |
101005c20049999bl qr p s 0 0por c |
| 010 |
|
|
|a 2011252177
|
| 022 |
|
|
|a 1984-5685
|l 1806-7727
|
| 035 |
|
|
|a (WaSeSS)ssj0000395023
|
| 040 |
|
|
|a WaSeSS
|b eng
|c CUD
|d WAU
|d OCLCQ
|d OCLCF
|d OCLCQ
|d OCLCO
|d OCLCQ
|d VT2
|d WaSeSS
|
| 042 |
|
|
|a pcc
|
| 050 |
1 |
4 |
|a RK1
|
| 210 |
0 |
|
|a RSBO
|b (Online)
|
| 222 |
|
0 |
|a RSBO
|b (Online)
|
| 245 |
0 |
0 |
|a Revista Sul-Brasileira de odontologia
|h [electronic resource].
|
| 246 |
1 |
|
|i Title varies, <July/Sept. 2011->:
|a RSBO
|
| 246 |
1 |
|
|a South Brazilian dentistry journal
|
| 260 |
|
|
|a Joinvile [Brazil] :
|b Univille Universidade
|
| 310 |
|
|
|a Quarterly,
|b 2009-
|
| 362 |
1 |
|
|a Began with v. 1, n. 1 (novembro de 2004).
|
| 506 |
|
|
|a License restrictions may limit access.
|
| 588 |
|
|
|a Description based on: V. 1, n. 1 (novembro de 2004); title from PDF title page (Univille, viewed Aug. 9, 2011).
|
| 588 |
|
|
|a Latest issue consulted: V. 8, n. 3 (July/Sept. 2011) (Univille, viewed Aug. 9, 2011).
|
| 650 |
|
0 |
|a Dentistry
|v Periodicals.
|
| 650 |
|
7 |
|a Dentistry.
|2 fast
|0 (OCoLC)fst00890633
|
| 655 |
|
0 |
|a Electronic journals.
|
| 776 |
0 |
8 |
|i Print version:
|t RSBO: Revista Sul-Brasileira de Odontologia
|x 1806-7727
|w (OCoLC)608471437
|
| 856 |
4 |
0 |
|z Full text available from Research Library: 03/01/2010 to 10/31/2016
|u https://search.proquest.com/publication/2046132
|